<?xml version="1.0" encoding="UTF-8"?><?xml-stylesheet type="text/xsl" href="static/style.xsl"?><OAI-PMH xmlns="http://www.openarchives.org/OAI/2.0/" xmlns:xsi="http://www.w3.org/2001/XMLSchema-instance" xsi:schemaLocation="http://www.openarchives.org/OAI/2.0/ http://www.openarchives.org/OAI/2.0/OAI-PMH.xsd"><responseDate>2026-04-14T07:52:15Z</responseDate><request verb="GetRecord" identifier="oai:www.recercat.cat:20.500.14342/1058" metadataPrefix="marc">https://recercat.cat/oai/request</request><GetRecord><record><header><identifier>oai:recercat.cat:20.500.14342/1058</identifier><datestamp>2025-05-27T14:36:40Z</datestamp><setSpec>com_2072_482405</setSpec><setSpec>com_2072_183628</setSpec><setSpec>col_2072_482414</setSpec></header><metadata><record xmlns="http://www.loc.gov/MARC21/slim" xmlns:dcterms="http://purl.org/dc/terms/" xmlns:xsi="http://www.w3.org/2001/XMLSchema-instance" xmlns:doc="http://www.lyncode.com/xoai" xsi:schemaLocation="http://www.loc.gov/MARC21/slim http://www.loc.gov/standards/marcxml/schema/MARC21slim.xsd">
   <leader>00925njm 22002777a 4500</leader>
   <datafield ind2=" " ind1=" " tag="042">
      <subfield code="a">dc</subfield>
   </datafield>
   <datafield ind2=" " ind1=" " tag="720">
      <subfield code="a">Balcells, Mercedes</subfield>
      <subfield code="e">author</subfield>
   </datafield>
   <datafield ind2=" " ind1=" " tag="720">
      <subfield code="a">De Oliveira, Camila Maciel</subfield>
      <subfield code="e">author</subfield>
   </datafield>
   <datafield ind2=" " ind1=" " tag="720">
      <subfield code="a">Pavani, Jessica</subfield>
      <subfield code="e">author</subfield>
   </datafield>
   <datafield ind2=" " ind1=" " tag="720">
      <subfield code="a">Liu, Chunyu</subfield>
      <subfield code="e">author</subfield>
   </datafield>
   <datafield ind2=" " ind1=" " tag="720">
      <subfield code="a">De Oliveira Alvim, Rafael</subfield>
      <subfield code="e">author</subfield>
   </datafield>
   <datafield ind2=" " ind1=" " tag="720">
      <subfield code="a">Mourao-Junior, Carlos Alberto</subfield>
      <subfield code="e">author</subfield>
   </datafield>
   <datafield ind2=" " ind1=" " tag="720">
      <subfield code="a">Krieger, José Eduardo</subfield>
      <subfield code="e">author</subfield>
   </datafield>
   <datafield ind2=" " ind1=" " tag="720">
      <subfield code="a">Da Costa Pereira, Alexandre</subfield>
      <subfield code="e">author</subfield>
   </datafield>
   <datafield ind2=" " ind1=" " tag="260">
      <subfield code="c">2020-12</subfield>
   </datafield>
   <datafield ind2=" " ind1=" " tag="520">
      <subfield code="a">Considering that the incidence of type 2 diabetes mellitus (T2DM) has been increasing especially in developing countries and becoming a global public health problem, this study aims to evaluate the association between triglyceride glucose index (TyG) – which is a mathematical product of the fasting blood glucose and triglyceride levels – and incident T2DM in an adult sample in the Baependi Heart Study (BHS).&#xd;
&#xd;
The data were from the BHS cohort consisting of two periods: cycle 1 (2005–2006; n = 1712; 119 families) and cycle 2 (2010–2013; n = 3017; 127 families). A total of 1121 individuals (both sexes, 18–100 years) were selected if they were assessed in both cycles and not diagnosed with T2DM at baseline (cycle 1).&#xd;
&#xd;
Our findings showed that a participant’s risk of developing T2DM increased almost 10 times for a one-unit increase in the TyG (odds ratio OR = 10.17, 95% CI, 7.51–13.93). The association when stratified by age was OR = 28.13 [95% CI, 14.03–56.41] for young adults, meaning that the risk of developing T2DM increased more than 28 times for a one-unit increase in the TyG. For the other groups, young middle-aged adults, old middle-aged adults, and seniors, we found OR = 4.84 [95% CI, 2.91–8.06], OR = 28.73 [95% CI, 10.63–77.65, and OR = 9.88 [95% CI, 3.16–30.90], respectively.&#xd;
&#xd;
A higher TyG implies a significant increase in the risk of developing T2DM, which could be an important screening tool to target early lifestyle intervention in Brazil.</subfield>
   </datafield>
   <datafield ind1="8" ind2=" " tag="024">
      <subfield code="a">http://hdl.handle.net/20.500.14342/1058</subfield>
   </datafield>
   <datafield ind1="8" ind2=" " tag="024">
      <subfield code="a">https://doi.org/10.1016/j.pmedr.2020.101172</subfield>
   </datafield>
   <datafield tag="653" ind2=" " ind1=" ">
      <subfield code="a">Glucosa</subfield>
   </datafield>
   <datafield tag="653" ind2=" " ind1=" ">
      <subfield code="a">Diabetis</subfield>
   </datafield>
   <datafield tag="653" ind2=" " ind1=" ">
      <subfield code="a">Cor--Malalties</subfield>
   </datafield>
   <datafield tag="653" ind2=" " ind1=" ">
      <subfield code="a">Baependi Heart Study cohort</subfield>
   </datafield>
   <datafield tag="653" ind2=" " ind1=" ">
      <subfield code="a">Triglyceride glucose index</subfield>
   </datafield>
   <datafield tag="653" ind2=" " ind1=" ">
      <subfield code="a">Triglycerides</subfield>
   </datafield>
   <datafield tag="653" ind2=" " ind1=" ">
      <subfield code="a">Glucose</subfield>
   </datafield>
   <datafield tag="653" ind2=" " ind1=" ">
      <subfield code="a">Brazil</subfield>
   </datafield>
   <datafield tag="653" ind2=" " ind1=" ">
      <subfield code="a">Type 2 diabetes mellitus</subfield>
   </datafield>
   <datafield ind2="0" ind1="0" tag="245">
      <subfield code="a">Triglyceride glucose index as a tool to motivate early lifestyle modification in young adults at diabetes risk: the baependi heart study</subfield>
   </datafield>
</record></metadata></record></GetRecord></OAI-PMH>